[Event "EU-chT 23rd"]
[Site "Terme Catez"]
[Date "2021.11.16"]
[Round "5.2"]
[White "Pelletier, Yannick"]
[Black "Pasko, Llambi"]
[Result "1/2-1/2"]
[WhiteElo "2564"]
[BlackElo "2417"]
[PlyCount "134"]
[EventDate "2021.11.12"]
[EventType "team-swiss"]
[EventRounds "9"]
[EventCountry "SLO"]
[SourceTitle "CBM 205"]
[Source "ChessBase"]
[SourceDate "2021.12.31"]
[SourceVersion "1"]
[SourceVersionDate "2021.12.31"]
[SourceQuality "1"]
[WhiteTeam "Switzerland"]
[BlackTeam "Albania"]
[WhiteTeamCountry "SUI"]
[BlackTeamCountry "ALB"]

1. d4 d5 2. c4 c6 3. Nf3 Nf6 4. Nc3 e6 5. Bg5 Nbd7 6. e3 Qa5 7. Nd2 Bb4 8. Qc2 dxc4 9. Bxf6 Nxf6 10. Nxc4 Qd5 11. 0-0-0 Bxc3 12. Qxc3 0-0 13. f3 c5 14. e4 cxd4 15. Qxd4 Qxd4 16. Rxd4 Bd7 17. Nd6 Bc6 18. Bb5 Bxb5 19. Nxb5 Rfc8+ 20. Kb1 Kf8 21. Ra4 a6 22. Nd6 Rc7 23. Rc1 Rd7 24. e5 Ne8 25. Ne4 Rad8 26. g3 Ke7 27. b3 Rc7 28. Rxc7+ Nxc7 29. Nd6 b5 30. Rg4 Rg8 31. Ne4 h5 32. Rh4 g6 33. g4 Nd5 34. gxh5 gxh5 35. Ng3 b4 36. Rxh5 Nc3+ 37. Kc2 Nxa2 38. Ne4 Nc3 39. Nd6 Nb5 40. Nxb5 axb5 41. Rh4 Rc8+ 42. Kd2 Rc3 43. Rxb4 Rxf3 44. Rxb5 Rh3 45. Rb7+ Kf8 46. b4 Kg7 47. Rc7 Kg6 48. b5 Rxh2+ 49. Kc3 Rh1 50. b6 Rb1 51. b7 f6 52. exf6 Kxf6 53. Kd4 Kf5 54. Rf7+ Kg6 55. Rd7 Kf5 56. Kc5 e5 57. Kc6 Rc1+ 58. Kd6 Rd1+ 59. Kc7 Rc1+ 60. Kd8 Rb1 61. Kc8 e4 62. b8Q Rxb8+ 63. Kxb8 e3 64. Re7 Kf4 65. Kc7 Kf3 66. Kd6 e2 67. Rxe2 Kxe2 1/2-1/2

[Event "EU-chT 23rd"]
[Site "Terme Catez"]
[Date "2021.11.14"]
[Round "3.16"]
[White "Pasko, Llambi"]
[Black "Pleasants, Allan J"]
[Result "1/2-1/2"]
[WhiteElo "2417"]
[BlackElo "2001"]
[PlyCount "60"]
[EventDate "2021.11.12"]
[EventType "team-swiss"]
[EventRounds "9"]
[EventCountry "SLO"]
[SourceTitle "CBM 205"]
[Source "ChessBase"]
[SourceDate "2021.12.31"]
[SourceVersion "1"]
[SourceVersionDate "2021.12.31"]
[SourceQuality "1"]
[WhiteTeam "Albania"]
[BlackTeam "Wales"]
[WhiteTeamCountry "ALB"]
[BlackTeamCountry "WLS"]

1. d4 Nf6 2. c4 c5 3. d5 b5 4. cxb5 a6 5. b6 d6 6. e4 Nbd7 7. Nd2 Qxb6 8. Ne2 g6 9. Nc3 Bg7 10. Nc4 Qa7 11. Be2 0-0 12. 0-0 Nb6 13. Ne3 Rb8 14. a4 Nfd7 15. f4 Na8 16. Nc4 Qc7 17. Be3 Nab6 18. Na5 Bxc3 19. bxc3 Nxd5 20. exd5 Qxa5 21. Bd2 c4 22. Be1 Bb7 23. Bxc4 Qc5+ 24. Qd4 Qxd4+ 25. cxd4 Nb6 26. Bd3 Nxd5 27. Bd2 Bc8 28. Bc4 Nb6 29. Bd3 Nd5 30. Bc4 Nb6 1/2-1/2

[Event "EU-chT 23rd"]
[Site "Terme Catez"]
[Date "2021.11.13"]
[Round "2.14"]
[White "Blohberger, Felix"]
[Black "Pasko, Llambi"]
[Result "1/2-1/2"]
[WhiteElo "2490"]
[BlackElo "2417"]
[PlyCount "111"]
[EventDate "2021.11.12"]
[EventType "team-swiss"]
[EventRounds "9"]
[EventCountry "SLO"]
[SourceTitle "CBM 205"]
[Source "ChessBase"]
[SourceDate "2021.12.31"]
[SourceVersion "1"]
[SourceVersionDate "2021.12.31"]
[SourceQuality "1"]
[WhiteTeam "Austria"]
[BlackTeam "Albania"]
[WhiteTeamCountry "AUT"]
[BlackTeamCountry "ALB"]

1. e4 c6 2. Nf3 d5 3. d3 Bg4 4. h3 Bxf3 5. Qxf3 e6 6. Nd2 Bd6 7. d4 dxe4 8. Nxe4 Nf6 9. Nxd6+ Qxd6 10. c3 Nbd7 11. Be2 0-0 12. 0-0 e5 13. Rd1 Rfe8 14. dxe5 Qxe5 15. Bf1 Nf8 16. Be3 Ne6 17. Re1 Qd5 18. Qxd5 Nxd5 19. Bd2 Rad8 20. Rad1 b6 21. g3 Rd7 22. Bc1 Red8 23. h4 Nf6 24. Rxd7 Rxd7 25. Bg2 c5 26. Bf1 Kf8 27. a4 Re7 28. Bc4 Nd8 29. Kf1 Rxe1+ 30. Kxe1 Ne6 31. f3 Ke7 32. Be3 Kd6 33. Ke2 Nd5 34. Bd2 f5 35. Bd3 g6 36. h5 Ke5 37. hxg6 hxg6 38. Bb5 Ndc7 39. Bc4 a6 40. Bd3 b5 41. f4+ Kf6 42. axb5 axb5 43. b3 Ke7 44. Kf3 Kf6 45. g4 Nd8 46. Be1 Nb7 47. Bh4+ Ke6 48. Bf2 Kf6 49. Bf1 Ke6 50. Be2 Kf6 51. Bd3 Ke6 52. Bf1 Kf6 53. Bg2 Na5 54. gxf5 gxf5 55. Bxc5 Nxb3 56. Bd6 1/2-1/2

[Event "Online Olym Div2 C"]
[Site "Chess.com INT"]
[Date "2021.09.04"]
[Round "9.3"]
[White "Chigodo, Cyril"]
[Black "Pasko, Llambi"]
[Result "0-1"]
[WhiteElo "1982"]
[BlackElo "2411"]
[PlyCount "88"]
[EventDate "2021.09.02"]
[EventType "team (rapid)"]
[EventRounds "9"]
[EventCountry "USA"]
[SourceTitle "CBM 204 Extra"]
[Source "ChessBase"]
[SourceDate "2021.11.30"]
[SourceVersion "1"]
[SourceVersionDate "2021.11.30"]
[SourceQuality "1"]
[WhiteTeam "Zimbabwe"]
[BlackTeam "Albania"]
[WhiteTeamCountry "ZIM"]
[BlackTeamCountry "ALB"]

1. Nf3 Nf6 2. d4 d5 3. g3 c6 4. Bg2 Bf5 5. 0-0 e6 6. Nbd2 h6 7. c4 Be7 8. b3 0-0 9. Bb2 a5 10. Ne5 a4 11. bxa4 Qa5 12. cxd5 cxd5 13. Re1 Nc6 14. e4 dxe4 15. Nxc6 bxc6 16. Nxe4 Nd5 17. Qc1 Rfb8 18. Nc5 Qb4 19. Ba3 Qxd4 20. Rd1 Bxc5 21. Rxd4 Bxd4 22. Bd6 Bxa1 23. Bxb8 Rxb8 24. Bxd5 Rb1 25. Qxb1 Bxb1 26. Bxc6 Bxa2 27. a5 Bc4 28. Bb7 Bd4 29. Kg2 Kf8 30. f3 Ke7 31. h3 Kd6 32. g4 Bd5 33. Bc8 Kc7 34. Ba6 Bc3 35. Bb5 Bxa5 36. Be8 e5 37. Kf2 Kd6 38. Bb5 Bb6+ 39. Kg3 Kc5 40. Bd3 Kd4 41. Bh7 Ke3 42. Bg8 Ba5 43. Kg2 Be1 44. h4 Bxh4 0-1

[Event "Online Olym Div2 C"]
[Site "Chess.com INT"]
[Date "2021.09.04"]
[Round "8.3"]
[White "Pasko, Llambi"]
[Black "Elsness, Frode"]
[Result "1/2-1/2"]
[WhiteElo "2411"]
[BlackElo "2467"]
[PlyCount "80"]
[EventDate "2021.09.02"]
[EventType "team (rapid)"]
[EventRounds "9"]
[EventCountry "USA"]
[SourceTitle "CBM 204 Extra"]
[Source "ChessBase"]
[SourceDate "2021.11.30"]
[SourceVersion "1"]
[SourceVersionDate "2021.11.30"]
[SourceQuality "1"]
[WhiteTeam "Albania"]
[BlackTeam "Norway"]
[WhiteTeamCountry "ALB"]
[BlackTeamCountry "NOR"]

1. d4 d5 2. c4 e6 3. Nf3 a6 4. e3 Nf6 5. Nbd2 c5 6. dxc5 Bxc5 7. Nb3 Ba7 8. cxd5 exd5 9. Be2 0-0 10. 0-0 Nc6 11. Nbd4 Ne4 12. h3 Qe7 13. Bd2 Nxd4 14. exd4 Nxd2 15. Qxd2 Bf5 16. Bd3 Be6 17. Qf4 Bb8 18. Qe3 Qd6 19. Rfe1 Bc7 20. Kf1 Rfe8 21. a3 Qf4 22. Qxf4 Bxf4 23. b4 Rac8 24. a4 Kf8 25. b5 Rc3 26. Be2 a5 27. b6 Rec8 28. Bb5 Rc2 29. Kg1 Rb2 30. Re2 Rxe2 31. Bxe2 Rc2 32. Bb5 Ke7 33. Re1 Kd6 34. g3 Bh6 35. Kg2 g6 36. Ne5 Rd2 37. Nf3 Rb2 38. Ne5 Rd2 39. Nf3 Rc2 40. Ne5 Rd2 1/2-1/2

[Event "Online Olym Div2 C"]
[Site "Chess.com INT"]
[Date "2021.09.02"]
[Round "3.5"]
[White "Pasko, Llambi"]
[Black "Blomqvist, Erik"]
[Result "1/2-1/2"]
[WhiteElo "2411"]
[BlackElo "2536"]
[PlyCount "172"]
[EventDate "2021.09.02"]
[EventType "team (rapid)"]
[EventRounds "9"]
[EventCountry "USA"]
[SourceTitle "CBM 204 Extra"]
[Source "ChessBase"]
[SourceDate "2021.11.30"]
[SourceVersion "1"]
[SourceVersionDate "2021.11.30"]
[SourceQuality "1"]
[WhiteTeam "Albania"]
[BlackTeam "Sweden"]
[WhiteTeamCountry "ALB"]
[BlackTeamCountry "SWE"]

1. d4 Nf6 2. c4 e6 3. Nf3 Bb4+ 4. Bd2 a5 5. g3 d5 6. cxd5 exd5 7. Bg2 0-0 8. Nc3 Re8 9. 0-0 c6 10. Ne5 Be6 11. Nd3 Bf8 12. Qc2 Bf5 13. Rad1 Nbd7 14. Rfe1 h6 15. f3 c5 16. e4 dxe4 17. fxe4 Bg4 18. Rc1 cxd4 19. Nb5 Rc8 20. Qxc8 Qxc8 21. Rxc8 Rxc8 22. e5 Bf5 23. Nf2 Ng4 24. Nxg4 Bxg4 25. h3 Rc2 26. Bxa5 Rxb2 27. Nxd4 Bc5 28. Bc3 Rc2 29. Ba1 Rxa2 30. Kh1 Bh5 31. e6 fxe6 32. Nxe6 Bf2 33. Rc1 Bxg3 34. Nxg7 Bf7 35. Nf5 Bf4 36. Rc8+ Kh7 37. Bd4 Kg6 38. Be4 Kg5 39. Rd8 Be6 40. h4+ Kg4 41. Kg1 Bxf5 42. Rg8+ Bg5 43. hxg5 hxg5 44. Bxf5+ Kxf5 45. Be3 Ne5 46. Rxg5+ Ke4 47. Kf1 Nf3 48. Rb5 Ra1+ 49. Ke2 Ra2+ 50. Kf1 Nh2+ 51. Ke1 Nf3+ 52. Kd1 Kxe3 53. Rb3+ Ke4 54. Rxb7 Nd4 55. Rh7 Rf2 56. Rh3 Nf3 57. Kc1 Ne5 58. Kd1 Kd4 59. Ra3 Nd3 60. Ra8 Rh2 61. Rd8+ Ke4 62. Re8+ Ne5 63. Ra8 Ke3 64. Re8 Kd4 65. Ra8 Nc4 66. Rg8 Kd3 67. Rd8+ Kc3 68. Rc8 Rg2 69. Rc7 Rd2+ 70. Ke1 Ra2 71. Rc8 Kd4 72. Rd8+ Ke4 73. Re8+ Ne5 74. Kd1 Kd3 75. Rd8+ Kc3 76. Rc8+ Nc4 77. Rc7 Rf2 78. Rc8 Kd3 79. Rd8+ Kc3 80. Rc8 Kd3 81. Rd8+ Ke4 82. Re8+ Ne5 83. Re7 Rh2 84. Re8 Kd4 85. Ra8 Ke3 86. Re8 Kd4 1/2-1/2

[Event "Online Olym Div2 C"]
[Site "Chess.com INT"]
[Date "2021.09.02"]
[Round "1.4"]
[White "Pasko, Llambi"]
[Black "Fidalgo, Andre Neves"]
[Result "1-0"]
[WhiteElo "2411"]
[BlackElo "2263"]
[PlyCount "75"]
[EventDate "2021.09.02"]
[EventType "team (rapid)"]
[EventRounds "9"]
[EventCountry "USA"]
[SourceTitle "CBM 204 Extra"]
[Source "ChessBase"]
[SourceDate "2021.11.30"]
[SourceVersion "1"]
[SourceVersionDate "2021.11.30"]
[SourceQuality "1"]
[WhiteTeam "Albania"]
[BlackTeam "Portugal"]
[WhiteTeamCountry "ALB"]
[BlackTeamCountry "POR"]

1. d4 Nf6 2. c4 g6 3. Nc3 d5 4. cxd5 Nxd5 5. e4 Nxc3 6. bxc3 Bg7 7. Rb1 0-0 8. Nf3 c5 9. Be2 cxd4 10. cxd4 Qa5+ 11. Bd2 Qxa2 12. 0-0 Nc6 13. Bg5 h6 14. Be3 Bg4 15. d5 Ne5 16. Rxb7 Rfb8 17. Rxe7 Bf6 18. Rc7 Rb2 19. Re1 a5 20. h3 Bxf3 21. gxf3 g5 22. d6 Rd8 23. f4 gxf4 24. Bxf4 Qe6 25. Bxe5 Qxe5 26. Bc4 Rxd6 27. Qg4+ Bg7 28. Bxf7+ Kh7 29. Qf5+ Qxf5 30. exf5 h5 31. Re6 Rd1+ 32. Kg2 Rdd2 33. Bg6+ Kh6 34. Be8+ Kh7 35. Kg3 Rxf2 36. Bxh5 Rg2+ 37. Kh4 Rb4+ 38. Bg4 1-0

[Event "FRM-chT 29th"]
[Site "Struga"]
[Date "2021.08.15"]
[Round "1"]
[White "Pasko, Llambi"]
[Black "Pancevski, Filip"]
[Result "1-0"]
[WhiteElo "2400"]
[BlackElo "2512"]
[PlyCount "57"]
[EventDate "2021.08.15"]
[EventType "team-tourn"]
[EventRounds "7"]
[EventCountry "MKD"]
[SourceTitle "CBM 203 Extra"]
[Source "ChessBase"]
[SourceDate "2021.09.30"]
[SourceVersion "1"]
[SourceVersionDate "2021.09.30"]
[SourceQuality "1"]
[WhiteTeam "Shipkovica Anpasan"]
[BlackTeam "Skopje Alkaloid"]
[WhiteTeamCountry "MKD"]
[BlackTeamCountry "MKD"]

1. d4 Nf6 2. c4 g6 3. Nc3 Bg7 4. e4 d6 5. Nf3 0-0 6. Be2 e5 7. 0-0 Nbd7 8. d5 Nc5 9. Qc2 a5 10. Bg5 h6 11. Be3 Ne8 12. Nd2 f5 13. f3 Bd7 14. b3 Nf6 15. a3 fxe4 16. fxe4 Ng4 17. Bxg4 Bxg4 18. b4 Rxf1+ 19. Rxf1 Na6 20. Rb1 axb4 21. axb4 Bf8 22. Qb2 h5 23. h3 Bc8 24. Nf3 Be7 25. Qd2 Bd7 26. b5 Nb8 27. c5 dxc5 28. Nxe5 Be8 29. Nc4 1-0